000 00497nam a2200181Ia 4500
005 20250508154614.0
008 008 250505s9999 xx 000 0 eng d
037 _aTextual
040 _aFEDL
_beng
_cFEDL
041 _aeng
_2eng
084 _a311.24, HAL
_qFEDL
100 _aHald A.
_9746945
245 0 _aStatistical tables and formulas
260 _aNew York, USA
_bJohn Wiley and Sons
_c1952
300 _a97p.
942 _cTEXL
_h311.24, HAL
999 _c1351159
_d1351159